000 00579nam a2200193Ia 4500
999 _c22685
_d22685
003 OSt
005 20200515124047.0
008 190216s9999||||xx |||||||||||||| ||und||
020 _a8171512364
040 _coclc
082 _a909.09767
_bBAL/G
100 _aBaloch, N A
_92370
245 0 _aGreat Books Of Islamic Civilization /
_cN A Baloch
250 _a1st ed,
260 _bKitab Bhavan,
_aNew Delhi:
_c1997.
300 _a221p
650 0 _aHistory & geography
_92271
_vIslamic History
942 _cBK
_2ddc
_h909.09767
_iBAL/G
_k909.09767
_mBAL/G